000 00874cam a2200253 4500
008 090401t1996 xxu||||| |||| 00| 0 eng d
020 _a1873394160
035 _a(Sirsi) u48105
041 _aeng
050 _a690.2
100 _aWatt, David S.
245 _aSurveying historic buildings.
260 _aShaftesbury, Dorset
_bDonhead Publishing
_c1996
300 _axii,302p. : ill. ; 24cm.
350 _a35
520 _aA practical guide to surveying historic buildings taking into account the special requirements and nature of this type of building. Also provides guidance for industrial monuments and ancient ruins.
650 _aBUILDING DEFECTS
650 _aBUILT ENVIRONMENT-BUILDING INSPECTION
650 _aHISTORIC BUILDINGS
690 _aBUILT ENVIRONMENT-BUILDING INSPECTION
700 _aSwallow, Peter
942 _n0
948 _c04/03/1997
999 _c92282
_d92282